Canciones de Téyou en OT2025 - Estadísticas

Estadísticas generales
  • Esta prueba ha sido intentada 6 veces
  • La puntuación promedio es 9 de 11
Estadísticas de respuestas
Gala Compañero Canción % Correcto
Gala 6 Tinho Agua
100%
Gala 1 María Cruz Canijo
100%
Gala 2 Cristina Dance Crip
100%
Gala 7 Crespo Don't Look Back In Anger
100%
Gala 10 Sola Je Vole
100%
Gala 4 Claudia Arenas Kiss Me More
100%
Gala 5 Sola Papaoutai
100%
Single Sola algo mío
60%
Gala 9 Sola Súper Vacío
60%
Gala 3 Guillo Rist Vamos a Olvidar
60%
Gala 8 Sola Baby, I Love Your Way
40%
No se encontraron pruebas coincidentes
Distribución de puntuación
Porcentaje de gente con cada puntuación
Porcentaje por número respondido
Historial de tus puntuaciones
No has intentado esta prueba.